00775cam a2200217 a 4500008004100000020002200041050002300063100001800086245017000104250001200274260003200286300003500318504004100353500002000394651005900414650003600473700002100509003000100530005001700531040000900548  a0720123291 (hbk.)00aREF Z5771.4.G7 SHA1 aShaw, Gareth.10aBritish directories :ba bibliography and guide to directories published in England and Wales (1850-1950) and Scotland (1773-1950) /cGareth Shaw and Allison Tipper. a2nd ed. aNew York :bMansell,c1997. a459 p. :bill., maps ;c24 cm. aIncludes bibliographical references. aIncludes index. 0aGreat BritainxDirectoriesxBibliographyxUnion lists. 0aCatalogs, UnionzGreat Britain.1 aTipper, Allison.20230120191426.0 cNUST